| 000 | 00699nam a22002417a 4500 | ||
|---|---|---|---|
| 003 | dpl | ||
| 005 | 20180803120511.0 | ||
| 008 | 0 | ||
| 010 | _aA-950267 | ||
| 020 |
_c275.00 _a8120314387 |
||
| 035 | _aA-950267, A-950268 | ||
| 037 | _bCen Lib/Ret | ||
| 040 |
_aDPL _bEN _c0 |
||
| 082 |
_a005.756 _bAUS |
||
| 100 |
_aAustin, David _9142364 |
||
| 245 |
_aUsing oracle : _cby David Austin.. [et. al] |
||
| 260 |
_aNew Delhi _bPrentice Hall of India _c1998 |
||
| 270 |
_aM-97, Connaught Circus _bNew Delhi _e110001 |
||
| 300 |
_a808p. : _c24cm(Hb) _bill. |
||
| 650 |
_aOracle (Computer file) _9142365 |
||
| 650 |
_aRelational databases _936444 |
||
| 942 |
_2ddc _cEN _h005.756 _mAUS |
||
| 999 |
_c136338 _d136338 |
||